000 00265nam a2200121 a 4500
008 100924s1990|||| d
245 1 0 _aMidway
100 1 _aFučida, Micuo
260 _bSmena
_aBratislava
_c1990
020 _c30
044 _axo
_cSK
041 _aslo
999 _c10690
_d10690